| 000 | 00000nam 2200000zi 4500 |
| 001 | 9.935719 |
| 003 | CaOODSP |
| 005 | 20240501121324 |
| 006 | m o d f |
| 007 | cr |n||||||||| |
| 008 | 240320t20132013onc o f000 0 eng d |
| 040 | |aCaOODSP|beng|erda|cCaOODSP |
| 043 | |an-cn--- |
| 086 | 1 |aFA3-188/2013E-PDF |
| 245 | 00|aLaurentian Pilotage Authority special examination report - 2013. |
| 246 | 37|aSpecial examination report - 2013 |
| 264 | 1|aOttawa, Ontario : |bOffice of the Auditor General of Canada = Bureau du vérificateur général du Canada, |c2013. |
| 264 | 4|c©2013 |
| 300 | |a1 online resource (iii, 23 pages) |
| 336 | |atext|btxt|2rdacontent |
| 337 | |acomputer|bc|2rdamedia |
| 338 | |aonline resource|bcr|2rdacarrier |
| 500 | |aCover title. |
| 500 | |aIssued also in French under title: Administration de pilotage des Laurentides rapport d'examen spécial - 2013. |
| 610 | 10|aLaurentian Pilotage Authority (Canada) |xAuditing. |
| 710 | 1 |aCanada. |bOffice of the Auditor General, |eissuing body. |
| 775 | 08|tAdministration de pilotage des Laurentides rapport d'examen spécial - 2013.|w(CaOODSP)9.935720 |
| 856 | 40|qPDF|s736 KB|uhttps://publications.gc.ca/collections/collection_2024/bvg-oag/FA3-188-2013-eng.pdf |